1418 1509 1842 1043 1644 1518 1453 1121 1915 1951 1905 1272 1870 1235 1253 1851 1124 1696 1465 1984 1520 1445 1845 1891 1176 1398 1133 1093 1326 1100 1349 1252 1310 1439 1687 1885 1925 1180 1898 1530 1912 1154 1599 1047 1575 1505 1098 1397 1705 1185 1259 1599 1400 1955 1849 1371 1412 1805 1772 1937 1000 1272 1199 1509 1505 1295 1764 1949 1672 1461 1387 1281 1356 1810 1940 1476 1188 1039 1417 1291 1242 1687 1480 1169 1538 1673 1462 1725 1040 1948 1281 1920 1171 1856 1508 1511 1733 1757 1834 BCNSPRNW ULIB Ver.6.0+V

เปลี่ยนเป็นภาษาไทย

Change to English
 แสดงรายละเอียดบรรณานุกรม
  กลับหน้าหลัก

Brief Record : Get Marc (ISO 2709) : E-mail record : QR code < ปิดหน้าต่าง
LEADER : 00000nam 2200000uu 4500
001    13399128016
003     ULIB
008    020711s2561 th a 000 0 tha d
020    ^a9786161135799
060    ^aWY152^bจ153พ
100    ^aจรวยพร ทะแกล้วพันธุ์
245    ^aพฤฒาวิทยาสังคมสำหรับพยาบาล(Social Gerontology for Nurse)
250    ^aพิมพ์ครั้งที่ 1
260    ^aลำปาง :^bกิจเสรีการพิมพ์,^c2561
300    ^a202 หน้า;^b21 ซม.
650    ^aผู้สูงอายุ
650    ^aการดูแลผู้สูงอายุ
945    ^p220^l0^i008613
999    ^aประนอม เกษจรัล
รายการนี้ยังไม่มีแท็ก
คุณยังไม่ได้ล็อกอิน คุณสามารถมีกิจกรรมร่วมกับเว็บไซต์ได้ แต่ต้องล็อกอินก่อน ::
  ล็อกอิน

รายการสื่อสารสนเทศ

ลำดับที่ ประเภท เลขเรียก/บาร์โค้ด สถานที่ สถานะ
1. Book การพยาบาล
หนังสือสำรอง
สถานะ=หนังสือสำรอง
WY152 จ153พ ฉ.1 
  Barcode: 008613
ห้องสมุดวิทยาเขตสวรรค์ประชารักษ์
►หนังสือทั่วไป
บนชั้น

รายการใกล้เคียง
    ผู้แต่ง [จรวยพร ทะแกล้วพันธุ์]

    หัวเรื่อง [ผู้สูงอายุ]
    หัวเรื่อง [การดูแลผู้สูงอายุ]

BibComment


ยังไม่เคยถูกคอมเมนท์

คอมเมนท์ทรัพยากรรายการนี้
  คอมเมนท์: พฤฒาวิทยาสังคมสำ..


 Copyright 2026. Bcnsprnw @Library